000 00622cam a2200217 4500
001 B887
008 090401t1987 xxu||||| |||| 00| 0 eng d
035 _a(Sirsi) u38544
041 _aeng
050 _a690.24
110 _aBuilding Maintenance Information Ltd
_92307
245 _aMaintenance cost trends (wall chart) 1987
260 _aKingston upon Thames
_bBuilding Maintenance Information Ltd
_c1987
300 _a1 wall chart : col. ; 60 x 32cm.
350 _a3
650 _aBUILT ENVIRONMENT-BUILDING COSTS
650 _aRefurbishment
_96264
650 _aWALL CHARTS
942 _n0
948 _c04/03/1997
999 _c90657
_d90657